Symbol detection in spatial multiplexing systems using nature inspired (ant colony optimization ) algorithm (Record no. 188222)

000 -LEADER
fixed length control field 00747 a2200181 4500
003 - CONTROL NUMBER IDENTIFIER
control field Nust
005 - DATE AND TIME OF LATEST TRANSACTION
control field 20170207153536.0
040 ## - CATALOGING SOURCE
Transcribing agency Nust
082 ## - DEWEY DECIMAL CLASSIFICATION NUMBER
Classification number 621.382
100 ## - MAIN ENTRY--PERSONAL NAME
Personal name Khurshid, Kiran (MSEE-13)
245 ## - TITLE STATEMENT
Title Symbol detection in spatial multiplexing systems using nature inspired (ant colony optimization ) algorithm
Statement of responsibility, etc. Kiran Khurshid
260 ## - PUBLICATION, DISTRIBUTION, ETC.
Name of publisher, distributor, etc. MCS, NUST
Date of publication, distribution, etc. 2010
Place of publication, distribution, etc. Rawalpindi
300 ## - PHYSICAL DESCRIPTION
Extent xii,85, p;
505 ## - FORMATTED CONTENTS NOTE
Formatted contents note Introduction (page-1) Overview of MIMO systems (page-11) Symbol detection in MIMO system (page-26) Heuristics and metaheuristics (page-39) Ant colony optimization (page-44) Solving MIMO detection problem using ACO (page-57)Conclusion (page-75).
538 ## - SYSTEM DETAILS NOTE
System details note Almirah No. 69 Shelf No. 2
650 ## - SUBJECT ADDED ENTRY--TOPICAL TERM
Topical term or geographic name entry element MS Thesis
651 ## - SUBJECT ADDED ENTRY--GEOGRAPHIC NAME
Geographic name MSEE-13
942 ## - ADDED ENTRY ELEMENTS (KOHA)
Koha item type
Holdings
Withdrawn status Lost status Source of classification or shelving scheme Damaged status Not for loan Collection code Permanent Location Current Location Date acquired Total Checkouts Full call number Barcode Date last seen Price effective from Koha item type
            Military College of Signals (MCS) Military College of Signals (MCS) 12/12/2016   621.382 KHU MCSTEE-101 12/08/2016 12/12/2016 Book
            Military College of Signals (MCS) Military College of Signals (MCS) 12/12/2016   621.382 KHU MCSTEE-82 12/08/2016 12/12/2016 Book
            Military College of Signals (MCS) Military College of Signals (MCS) 12/12/2016   621.382 KHU MCSTEE-95 12/08/2016 12/12/2016 Book
© 2023 Central Library, National University of Sciences and Technology. All Rights Reserved.